| 000 | 00991cam a2200361 4500500 | ||
|---|---|---|---|
| 005 | 20260405003139.0 | ||
| 041 | _afre | ||
| 042 | _adc | ||
| 100 | 1 | 0 |
_aLegros, Martin _eauthor |
| 245 | 0 | 0 | _aMichael J. Sandel : “La tyrannie du mérite est à l’origine de la révolte populiste” |
| 260 | _c2020. | ||
| 500 | _a57 | ||
| 690 | _aBien commun | ||
| 690 | _aConfinement | ||
| 690 | _aCovid-19 | ||
| 690 | _aÉlite | ||
| 690 | _aInégalités | ||
| 690 | _aJohn Rawls | ||
| 690 | _aJustice | ||
| 690 | _aMérite | ||
| 690 | _aMéritocratie | ||
| 690 | _aMichael J. Sandel | ||
| 690 | _aMorale | ||
| 690 | _aNozick | ||
| 690 | _aPeuple | ||
| 690 | _aRawls | ||
| 690 | _aRobert Nozick | ||
| 690 | _aTravail | ||
| 690 | _aUtilitarisme | ||
| 690 | _aVertu | ||
| 786 | 0 | _nPhilosophie magazine | 143 | 10 | 2020-10-01 | p. 40-42 | 1951-1787 | |
| 856 | 4 | 1 | _uhttps://shs.cairn.info/magazine-philosophie-magazine-2020-10-page-40?lang=fr&redirect-ssocas=7080 |
| 999 |
_c2064813 _d2064813 |
||